00505nam a22001697a 450000500170000000800410001702000190005802200150007704100130009208200130010510000410011824500570015925000190021626000440023530000310027965000250031020231205091257.0231205b |||||||| |||| 00| 0 eng d a9780409056853  a0409004480 aEnglish  a349 JOU  aJoubert, WA and Faris, JA lEnglish  aThe Law of South Africa / cWA Joubert and JA Faris  aThird Edition  aDurban : bLexisNexis (Pty) Ltd, c2014 bvii, 450 pages ; c26 cm.  aLegal practice bLaw